000 01067cam a2200133 4500500
005 20260329024503.0
041 _afre
042 _adc
100 1 0 _aNakagawa, Hisayasu
_eauthor
245 0 0 _aIntroduction à la culture japonaise : Essai d'anthropologie réciproque
260 _bPresses Universitaires de France,
_c2005.
520 _aTous les essais réunis dans cet ouvrage concernent la culture japonaise, écrits au Japon en français. Le Japon y est montré éclairé par une lumière venue de France qui enrichit la propre lumière japonaise. L’originalité de la démarche de l’auteur est dans cette tentative nouvelle de lectures et d’explications sous ce «double éclairage», des phénomènes culturels japonais. Le lecteur français auquel s’adresse l’auteur pourra ainsi aborder le Japon comme une civilisation différente de la sienne et non plus seulement comme un pays aux mœurs exotiques et étranges.
856 4 1 _uhttps://shs.cairn.info/introduction-a-la-culture-japonaise--9782130549529?lang=fr&redirect-ssocas=7080
999 _c1934262
_d1934262